Kodály Zoltán – hangszertokban a háromhetes kiállítást tizenegy alkotás esetében három hónappal meghosszabbították, s felmerült, hogy a művek némelyike véglegesen is maradjon a helyén

Bibliographic Details
Main Author: Kiss, Tibor Noé, 1976- (Author)
Format: Article
Language:Hungarian
PhysicalDescription:Fotogr.
ISSN:1335-7050
Subjects:

MARC

LEADER 00000nab a2200000 ar4500
001 vtls010193081
003 SK-MaSNL
005 20260318132524.0
008 101130c20101127xo |||||||| 000 b|hun
015 |a SNBRB2010/11  |2 snkbucl 
038 |a SNKBUCL 
040 |a DSZK  |b slo  |c DSZK  |e AACR2 
041 0 |a hun 
044 |a xo  |c SK 
080 |a 73/76.038.51  |x (439)  |2 2001 
100 1 |a Kiss, Tibor Noé,  |d 1976-  |4 aut  |9 1036576 
245 1 0 |a Kodály Zoltán – hangszertokban  |b a háromhetes kiállítást tizenegy alkotás esetében három hónappal meghosszabbították, s felmerült, hogy a művek némelyike véglegesen is maradjon a helyén  |c Kiss Tibor Noé 
300 |b Fotogr. 
610 2 7 |a 21 dialógov (umelecký projekt)  |2 snkbucl  |9 1216477 
648 7 |a 2010  |2 snkbucl  |9 324355 
650 0 7 |a public art  |2 snkbucl  |9 342511 
651 7 |a Pécs (Maďarsko)  |2 SNKPHgeo  |9 56264 
773 0 |t Új szó  |g Évf. 63, sz. 273 (27.11.2010), o. 12-13  |x 1335-7050 
773 0 8 |i Mell.:  |t Szalon  |g Évf. 4, sz. 46 (2010) 
852 |a SNK  |b KIS3GCP 
852 |a DSZK  |b KIS3GCP 
958 |a HU 
999 |c 2130921  |d 2132851